000
00278nam a2200109Ia 4500
008
190906s9999||||xx |||||||||||||| ||und||
100
_a
Tony Hines
245
0
_a
Fashion Marketing Contemporary Issues
260
_a
New Delhi
_b
Microsoft Press
_c
2002
300
_a
243
942
_c
BK
999
_c
5996
_d
5996